000 00566nam a22002297a 4500
003 UA-OsUOA
001 30133
007 ta
008 20041105b un ||||| |||| 00| 0 ukr d
090 _a913(035)(5)
_bС56
942 _cBK
040 _aUA-OsUOA
_brus
_cUA-OsUOA
_dUA-OsUOA
245 _aСовременная Азия
_bСправочник
_cРед. Б.Г.Гафуров
300 _a792 с.
955 _a0
041 _arus
080 _a913(035)(5)
260 _aМосква
_bНаука
_c1977
044 _aRU
650 7 _2UDC
999 _c316540
_d316540